| 000 | 01062nam a22002657a 4500 | ||
|---|---|---|---|
| 999 |
_c64937 _d64937 |
||
| 005 | 20240530110758.0 | ||
| 008 | 190116s2017 ua a f b 000 0dara d | ||
| 017 |
_a2017/19980 _bمصر. دار الكتب |
||
| 020 | _a9789779114309 | ||
| 040 |
_aEG-CaGPL _cEG-CaGPL |
||
| 082 | 0 | 4 |
_221 _a332.673 / _bق/ع م |
| 100 | 0 | _aعلاء الدين احمد جبر | |
| 245 | 1 | 0 |
_aمناخ الاستثمار فى مصر : _bدراسة مقارنة بالنموذج الماليزى / _cعلاء الدين احمد جبر |
| 250 | _aط. 1 | ||
| 260 |
_aالقاهرة : _bالهيئة المصرية العامة للكتاب، _c2017. |
||
| 300 |
_a684 ص. : _bايض ؛ _c24 سم. |
||
| 504 | _aيشتمل على ارجاعات ببليوجرافية | ||
| 650 | 0 | 7 |
_2qrmak _aالاستثمار |
| 650 | 0 | 7 |
_2qrmak _aالاحوال الاقتصادية |
| 650 | 0 | 7 |
_2qrmak _aالتنمية الاقتصادية |
| 650 | 0 | 7 |
_2qrmak _aالاستثمار _zماليزيا |
| 651 | _2qrmak | ||
| 942 |
_2ddc _cBK |
||